Central Library OPAC University of Rajshahi

Early experiences and the processes of socialization / (Record no. 33064)

MARC details
000 -LEADER
fixed length control field 01117cam a2200313 4500
001 - CONTROL NUMBER
control field 33064
003 - CONTROL NUMBER IDENTIFIER
rucl marc code BD-RjUL
005 - DATE AND TIME OF LATEST TRANSACTION
control field 20211209051935.0
008 - FIXED-LENGTH DATA ELEMENTS--GENERAL INFORMATION
fixed length control field 140430s1970 nyua b 101 0 eng
020 ## - INTERNATIONAL STANDARD BOOK NUMBER
International Standard Book Number 0123551501
035 ## - SYSTEM CONTROL NUMBER
System control number (BD-RjUL)33155
040 ## - CATALOGING SOURCE
Original cataloging agency DLC
Transcribing agency DLC
Modifying agency BD-RjUL
Language of cataloging eng
041 ## - LANGUAGE CODE
Language code of text/sound track or separate title eng
082 00 - DEWEY DECIMAL CLASSIFICATION NUMBER
Classification number 301.1
Author mark and year EAR 1970
245 00 - TITLE STATEMENT
Title Early experiences and the processes of socialization /
Statement of responsibility, etc. Edited by Ronald A. Hoppe, G. Alexander Milton [and] Edward C. Simmel.
260 ## - PUBLICATION, DISTRIBUTION, ETC. (IMPRINT)
Place of publication, distribution, etc. New York :
Name of publisher, distributor, etc. Academic Press,
Date of publication, distribution, etc. 1970.
300 ## - PHYSICAL DESCRIPTION
Pagination xi, 220 p. :
Illustrations illus. ;
Size 24 cm.
490 0# - SERIES STATEMENT
Series statement Social psychology
500 ## - GENERAL NOTE
General note Based on papers presented at the second Miami University Symposium on Social Behavior held in 1968.
504 ## - BIBLIOGRAPHY, ETC. NOTE
Bibliography, etc Includes bibliographies.
650 #0 - SUBJECT ADDED ENTRY--TOPICAL TERM
Topical term or geographic name as entry element Socialization.
9 (RLIN) 100478
700 1# - ADDED ENTRY--PERSONAL NAME
Personal name Hoppe, Ronald A.,
Relator term ed.
Personal name Milton, George Alexander,
Dates associated with a name 1930-
Relator term ed.
Personal name Simmel, Edward C.,
Relator term ed.
711 2# - ADDED ENTRY--MEETING NAME
Meeting name or jurisdiction name as entry element Miami University Symposium on Social Behavior,
Number of part/section/meeting 2d,
Date of meeting 1968.
9 (RLIN) 100482
942 ## - ADDED ENTRY ELEMENTS (KOHA)
Source of classification or shelving scheme Dewey Decimal Classification
Koha item type Books
Holdings
Lost status Source of classification or shelving scheme Damaged status Not for loan Collection code Permanent Location Current Location Shelving location Date acquired Source of acquisition Total Checkouts Full call number Date last seen Copy number Koha item type
  Dewey Decimal Classification   Not For Loan Non-fiction Central Library, University of Rajshahi Central Library, University of Rajshahi Reading Room 19/08/1987 Asia foundation   301.1 EAR 1970 30/04/2014 C-1 Books